Flags Containing the Nordic Cross - Statistics

General Stats
  • This quiz has been taken 305 times
  • The average score is 7 of 10
Answer Stats
Cross Fimbriation Field Answer % Correct
Blue - White Finland
98%
Yellow - Blue Sweden
98%
White - Red Denmark
97%
Red White Blue Iceland
97%
Blue White Red Norway
97%
Red Blue White Faroe Islands
69%
Red Yellow Blue Åland
59%
White - Blue Shetland Islands
28%
Yellow - Red Skåne
23%
Blue Yellow Red Orkney Islands
21%
No matching quizzes found
Score Distribution
Percent of People with Each Score
Percentile by Number Answered
Your Score History
You have not taken this quiz